| 000 | 00540nam a22001937a 4500 | ||
|---|---|---|---|
| 005 | 20251108164831.0 | ||
| 008 | 250721s1994 xx 000 0 ara d | ||
| 082 | 1 | 4 | _a813.909/واد |
| 100 | 1 | _aوادي، طه | |
| 245 | 1 | 0 | _aدراسات في نقد الرواية / |
| 250 | _aط3. | ||
| 264 | 1 |
_aالقاهرة : _bدار المعارف، _c1994. |
|
| 300 | _a244ص. | ||
| 650 | 1 | 7 | _aالقصص العربية |
| 650 | 1 | 7 | _aالتاريخ الأدبي |
| 650 | 1 | 7 | _aالنقد الأدبي |
| 942 |
_2ddc _cBK |
||
| 999 |
_c15459 _d15459 |
||